000 00787nam a22002177a 4500
005 20150618105330.0
010 _aENG-112949
020 _c1995.00
_a9788180386985
035 _aEN-96481
037 _bDBAD/PUB
082 _a349.5405
100 _aSarkar, Prabhas C.
245 _aSarkar criminal minor acts :
_b167 important acts & rules with state amendments, comments and case notes /
_cby Prabhas C. Sarkar [and] S.K.Sinha Ray
250 _a7th ed by S.K. Sinha Ray
260 _aGurgoan
_bLexisNexis Butterworths
_c2011
270 _bGurgoan
_e122002
_a14th Floor, Building No. 10, Tower-B, DLF Cyber City, Phase-II
300 _axvi,2241p.
_c25cm(Hb)
650 _aCriminal law
_zIndia.
700 _aSinha Ray, S.K.
942 _2ddc
_cEN
_mSAR
_h349.5405
999 _c93423
_d93423